[Event "Struga Lake Queen U18 op"]
[Site "Struga"]
[Date "2022.09.08"]
[Round "3"]
[White "Mitrevski, Dimitar"]
[Black "Lazarov, Kiril Pavlinov"]
[Result "1-0"]
[WhiteElo "1312"]
[BlackElo "1413"]
[PlyCount "141"]
[EventDate "2022.09.07"]
[EventType "swiss"]
[EventRounds "7"]
[EventCountry "MKD"]
[SourceTitle "EXT 2023"]
[Source "ChessBase"]
[SourceDate "2022.10.05"]
[SourceVersion "1"]
[SourceVersionDate "2022.10.05"]
[SourceQuality "1"]

1. d4 Nf6 2. c4 g6 3. Nf3 Bg7 4. g3 d6 5. Bg2 0-0 6. 0-0 c6 7. Nc3 Qa5 8. Bg5 Bg4 9. Qd2 e5 10. Bxf6 Bxf6 11. Ne4 Qd8 12. Nxf6+ Qxf6 13. dxe5 dxe5 14. Qc3 Nd7 15. h3 Be6 16. Rfd1 Rad8 17. b3 h5 18. Rd6 e4 19. Nd4 Qe5 20. c5 Nxc5 21. Rxd8 Rxd8 22. e3 f5 23. Qa5 Rd7 24. Qxa7 Bf7 25. Qa5 Nd3 26. Qxe5 Nxe5 27. Bf1 c5 28. Nc2 Kf8 29. Bb5 Rd2 30. Rc1 Nd3 31. Bxd3 exd3 32. Ne1 b6 33. Kf1 Ke7 34. Rc3 Rxa2 35. Nxd3 Ra1+ 36. Ke2 Rb1 37. b4 c4 38. Ne5 Rb3 39. Rxb3 cxb3 40. Kd2 Be8 41. Kc3 Kf6 42. Nf3 Bc6 43. Nd4 Bd5 44. Nxb3 Bxb3 45. Kxb3 b5 46. Kc3 Ke5 47. f3 g5 48. Kd3 f4 49. exf4+ gxf4 50. g4 hxg4 51. hxg4 Kd5 52. g5 Ke5 53. g6 Kf6 54. Ke4 Kxg6 55. Kxf4 Kf6 56. Ke4 Ke6 57. f4 Kf6 58. Kd5 Kf5 59. Kc5 Kxf4 60. Kxb5 Ke5 61. Kc6 Ke6 62. b5 Ke7 63. Kc7 Ke8 64. b6 Kf7 65. b7 Kg6 66. b8Q Kh5 67. Qg8 Kh4 68. Kd6 Kh5 69. Ke5 Kh6 70. Kf6 Kh5 71. Qg5# 1-0